Tratados de Fray Bartolomé de las Casas (Record no. 7611)
[ view plain ]
| 000 -CABECERA | |
|---|---|
| campo de control de longitud fija | 01300nam a2200325 a 4500 |
| 001 - NÚMERO DE CONTROL | |
| campo de control | BRCA_7942 |
| 005 - FECHA Y HORA DE LA ÚLTIMA TRANSACCIÓN | |
| campo de control | 20190320210049.0 |
| 008 - DATOS DE LONGITUD FIJA--INFORMACIÓN GENERAL | |
| campo de control de longitud fija | 070314s1965----mx-####f##---#000-0#spa-# |
| 041 ## - CÓDIGO DE LENGUA | |
| Código de lengua del texto/banda sonora o título independiente | spa |
| 044 ## - CÓDIGO DEL PAÍS DE LA ENTIDAD EDITORA/PRODUCTORA | |
| Código MARC del país | mx |
| 050 #4 - SIGNATURA TOPOGRÁFICA DE LA BIBLIOTECA DEL CONGRESO | |
| Número de clasificación | F1411 |
| Número de documento/Ítem | .C38 |
| -- | 1965 |
| 245 10 - MENCIÓN DE TÍTULO | |
| Título | Tratados de Fray Bartolomé de las Casas |
| Mención de responsabilidad, etc. | prólogos de Hanke y Manuel Giménez Fernández ; transcripción de Juan Pérez de Tudela Bueso; traducción de Agustín Millares Carlo y Rafael Moreno. |
| 260 ## - PUBLICACIÓN, DISTRIBUCIÓN, ETC. | |
| Lugar de publicación, distribución, etc. | México |
| Nombre del editor, distribuidor, etc. | Fondo de Cultura Económica |
| Fecha de publicación, distribución, etc. | 1965 |
| 300 ## - DESCRIPCIÓN FÍSICA | |
| Extensión | 2 v. |
| Otras características físicas | il. |
| Dimensiones | 22 cm. |
| 440 #0 - MENCIÓN DE SERIE/PUNTO DE ACCESO ADICIONAL--TÍTULO | |
| Título | Biblioteca americana : serie de Cronistas de Indias |
| 9 (RLIN) | 19666 |
| 500 ## - NOTA GENERAL | |
| Nota general | 3030 |
| 500 ## - NOTA GENERAL | |
| Nota general | Dos ejemplares inventariados como un solo libro por el Banco de México |
| 500 ## - NOTA GENERAL | |
| Nota general | Ejemplar numerado 140 de 300 |
| 600 14 - PUNTO DE ACCESO ADICIONAL DE MATERIA--NOMBRE DE PERSONA | |
| Nombre de persona | Casas, Bartolomé de las |
| 9 (RLIN) | 19667 |
| 650 14 - PUNTO DE ACCESO ADICIONAL DE MATERIA--TÉRMINO DE MATERIA | |
| Término de materia o nombre geográfico como elemento de entrada | Tratados |
| Subdivisión de forma | Indios colonizados |
| Subdivisión geográfica | México |
| 9 (RLIN) | 19668 |
| 650 14 - PUNTO DE ACCESO ADICIONAL DE MATERIA--TÉRMINO DE MATERIA | |
| Término de materia o nombre geográfico como elemento de entrada | Escritos y textos |
| Subdivisión de forma | Pueblos indígenas |
| 9 (RLIN) | 19669 |
| 650 14 - PUNTO DE ACCESO ADICIONAL DE MATERIA--TÉRMINO DE MATERIA | |
| Término de materia o nombre geográfico como elemento de entrada | Cronistas |
| Subdivisión de forma | De las Indias |
| 9 (RLIN) | 19670 |
| 700 1# - PUNTO DE ACCESO ADICIONAL--NOMBRE DE PERSONA | |
| Nombre de persona | Giménez Fernández, Hanke |
| Término indicativo de función/relación | prol. |
| 9 (RLIN) | 19671 |
| 700 1# - PUNTO DE ACCESO ADICIONAL--NOMBRE DE PERSONA | |
| Nombre de persona | Giménez Fernández, Manuel |
| Término indicativo de función/relación | prol. |
| 9 (RLIN) | 19672 |
| 700 1# - PUNTO DE ACCESO ADICIONAL--NOMBRE DE PERSONA | |
| Nombre de persona | Pérez de Tundela Bueso, Juan |
| Término indicativo de función/relación | transcrip. |
| 9 (RLIN) | 19673 |
| 700 1# - PUNTO DE ACCESO ADICIONAL--NOMBRE DE PERSONA | |
| Nombre de persona | Millares Carlo, Agustín |
| Término indicativo de función/relación | tr. |
| 9 (RLIN) | 11389 |
| 700 1# - PUNTO DE ACCESO ADICIONAL--NOMBRE DE PERSONA | |
| Nombre de persona | Moreno, Rafael |
| Término indicativo de función/relación | tr. |
| 9 (RLIN) | 19674 |
| 902 ## - CATALOGADOR | |
| Iniciales | GFM |
| 942 ## - ELEMENTOS DE PUNTO DE ACCESO ADICIONAL (KOHA) | |
| Fuente del sistema de clasificación o colocación | Library of Congress Classification |
| Tipo de ítem Koha | Libros |
| Estado de retiro | Estado de pérdida | Estado dañado | No para préstamo | Localización permanente | Ubicación/localización actual | Fecha de adquisición | Número de inventario | Total de préstamos | Signatura topográfica completa | Código de barras | Fecha visto por última vez | Precio válido a partir de | Tipo de ítem Koha |
|---|---|---|---|---|---|---|---|---|---|---|---|---|---|
| El ejemplar forma parte de la colección y puede ser consultado según las políticas vigentes. | Biblioteca del Museo Franz Mayer (Rogerio Casas-Alatriste) | Biblioteca del Museo Franz Mayer (Rogerio Casas-Alatriste) | 07/03/2014 | 3030 | F1411 .C38 1965 (3030) | 8553 | 22/03/2019 | 22/03/2019 | Libros |